01307nam a2200265 a 4500001001000000003000900010005001700019008004100036040002500077082003300102110006000135240001800195245004500213260003400258300002100292650005800313650006600371710007100437910003700508942001400545952016100559952014900720952015500869999001701024000024269DO-SdBNP20231227123232.0110125s2005 dr 000 0 spa d aDO-SdBNPbspacBNPHU 4a346.7293043bR426L, 20052221 aRepública DominicanabSuprema Corte de Justicia9790610a[Leyes, etc.]10aLey N° 108-05 de registro inmobiliario. aSanto Domingo :bPMJT,c2005. a164 p. ;c24 cm. 4aRegistro de propiedad zRepública Dominicana984746 4aBienes raícesxLegislación914523zRepública Dominicana2 aPrograma de Modernización de la Jurisdicción de Tierras949815 aValidado. Control de calidad MFF 2ddccLBS1 00102ddc52708DSaBNPHUbBNPHUcHDd2011-01-25iLF1l0oBNPHU DS 346.0729343 R426L 2005p24269-30r2020-06-25te. 3w2020-06-25yLBS1ZPréstamo en sala 00102ddc51708PDaBNPHUbBNPHUcHDd2011-01-25iLF1l0oBNPHU PD 346.7293043 R426L 2005p24269-10r2020-06-25w2020-06-25yLBS1ZNo se presta 00102ddc51708PDaBNPHUbBNPHUcHDd2011-01-25iLF1l0oBNPHU PD 346.7293043 R426L 2005p24269-20r2020-06-25te. 2w2020-06-25yLBS1ZNo se presta c23763d23763